Top 5 największych miast w Mazowieckim pod względem powierzchni - Statystyki

Ogólne statystyki
  • Ten quiz został rozwiązany 55 razy
    48 od ostatniego zresetowania
  • Średni wynik to 3 z 5
Statystyki odpowiedzi
Powierzcnia(km2) Miasto % Poprawnych
517 Warszawa
100%
111 Radom
86%
88 Płock
77%
47 Otwock
31%
79 Zielonka
11%
Nie znaleziono quizów pasujących do podanych kryteriów
Rozkład punktacji
Procent ludzi z każdym wynikiem
Percentyl według liczby udzielonych odpowiedzi
Twoja historia wyników
Nie rozwiązałeś tego quizu od ostatniego zresetowania